00933nam a22002057a 4500003000900000008004100009020001800050040007100068082002500139100002100164245006200185260006000247300002700307505025700334650002600591650002900617650002100646650002800667700003200695AR-CdUCM190304b ||||| |||| 00| 0 spa d a950-694-154-8 aMUNICIPALIDAD PROVINCIAL DEL CUSCOcBIBLIOTECA MUNICIPAL DEL CUSCO 22ed.a327.8 /bAT873 aAtkins, G. Pope. aAmérica Latina en el sistema político internacional / aBuenos Aires : b Grupo Editor Latinoamericano, c1991. a:492 paginas ;c23 cm. aEl sistema político internacional -- El sistema internacional integrado -- El subsistema regional latino americano -- El nivel regional latinoamericano -- Estados no Hemisferios -- Posición de américa latina en las políticas latinoamericanas... aRelaciones economicas aEstados latinoamericanos aAcuerdo globales arelaciones diplomaticas aNicastro, Laura (Traductor)